Представление документа в формате MARC21

ПолеНазваниеЗначение
  Тип записи a
  Библиографический уровень m
001 Контрольный номер RU\infra-m\znanium\bibl\2211987
005 Дата корректировки 20260429142238.5
008 Кодируемые данные 250526s2025 RU g rus u
020 Индекс ISBN __
a ISBN 978-5-16-016748-0
020 Индекс ISBN __
a ISBN 978-5-16-112980-7 (электр. издание)
040 Источник каталогиз. __
a Служба первич. каталог. Общество с ограниченной ответственностью «ЗНАНИУМ»
041 Код языка издания __
a Код языка текста rus
044 Код страны публикации __
a Код страны публикации RU
080 Индекс УДК __
a Индекс УДК 791.43(075.4)
084 Индекс другой классификации/Индекс ББК __
2 Источник индекса rubbk
a Индекс другой классификации/Индекс ББК 85.37
084 Индекс другой классификации/Индекс ББК __
2 Источник индекса okso
a Индекс другой классификации/Индекс ББК 42.03.04
084 Индекс другой классификации/Индекс ББК __
2 Источник индекса okso
a Индекс другой классификации/Индекс ББК 51.03.05
100 Автор __
a Автор Брейтман А.С.
q Полное имя Брейтман Александр Семёнович
u Дополнение Дальневосточный государственный университет путей сообщения
245 Заглавие __
a Заглавие Киноискусство России: опыт позитивной антропологии
b Продолж. заглавия Монография
c Ответственность Дальневосточный государственный университет путей сообщения
250 Сведения об издании __
a Основные сведения об издании 1
260 Выходные данные __
a Место издания Москва
b Издательство ООО "Научно-издательский центр ИНФРА-М"
c Дата издания 2026
300 Физическое описание __
a Объем 185 с.
440 Серия __
a Серия Научная мысль
520 Аннотация __
a Аннотация В монографии исследуются ценностные основания киноискусства России. Аксиологический подход в совокупности с культуролого-киноведческим анализом позволил интерпретировать избранные кинопроизведения с позиций традиционных ценностей русской культуры в их динамическом развитии. Работа адресована не только профессиональным культурологам и киноведам но и всем интересующимся проблемами отечественной культуры в том числе студентам гуманитарных и негуманитарных вузов при изучении дисциплин культурологического цикла.
521 Примеч. о цел. назн. __
a Примеч. о целев. назн. Дополнительное профессиональное образование
650 Тематические рубрики __
a Основная рубрика Архитектура. Искусство
x Основная подрубрика Фотоискусство. Киноискусство
655 Указ. предметных рубрик (устаревшее) __
a Жанр/ форма (устаревшее) Монография
856 Электронный адрес документа 4_
a Имя сервера/домена znanium.ru
m Помощь ebs_support@infra-m.ru
n Местонахождение сервера НИЦ ИНФРА-М
u URL https://znanium.ru/catalog/document?id=465170
856 Электронный адрес документа 48
a Имя сервера/домена znanium.ru
d Путь /cover/2211
f Электронное имя 2211987.jpg
u URL https://znanium.ru/cover/2211/2211987.jpg
911 __
u 0030=https://znanium.ru/catalog/document?id=465170